Statistiques concernant Toutes les communes Françaises frontalières de la Suisse

Cliquez ici pour prendre le quiz!

Statistiques générales

  • Ce quiz a été pris 44 fois
  • Le résultat moyen est 25 sur 104

Statistiques - réponses

DépartementCommune% Correct
Haut-RhinSaint-Louis
57%
DoubsPontarlier
49%
Haute-SavoieSaint-Gingolph
46%
Haute-SavoieChamonix-Mont-Blanc
43%
Haute-SavoieChâtel
43%
Territoire de BelfortDelle
41%
AinFerney-Voltaire
38%
Haute-SavoieSaint-Julien-en-Genevois
38%
Haute-SavoieVallorcine
38%
Haute-SavoieGaillard
35%
DoubsJougne
35%
JuraLes Rousses
35%
AinDivonne-les-Bains
32%
Haut-RhinHuningue
32%
Haute-SavoieLa Chapelle-d'Abondance
32%
Haute-SavoieMorzine
32%
DoubsMouthe
32%
Haute-SavoieAbondance
30%
Haute-SavoieAmbilly
30%
Haute-SavoieCollonges-sous-Salève
30%
AinPrévessin-Moëns
30%
Haute-SavoieSamoëns
30%
Haute-SavoieSixt-Fer-à-Cheval
30%
Haute-SavoieVille-la-Grand
30%
Haute-SavoieArchamps
27%
Haute-SavoieChens-sur-Léman
27%
Haut-RhinLeymen
27%
AinSaint-Genis-Pouilly
27%
AinThoiry
27%
Haute-SavoieValleiry
27%
JuraBois-d'Amont
24%
DoubsChapelle-des-Bois
24%
Haute-SavoieÉtrembières
24%
Haut-RhinHagenthal-le-Bas
24%
Haut-RhinHégenheim
24%
Haut-RhinLucelle
24%
Haute-SavoieMachilly
24%
Haute-SavoieNovel
24%
Haute-SavoieSaint-Cergues
24%
AinSaint-Jean-de-Gonville
24%
Haute-SavoieVeigy-Foncenex
24%
DoubsVerrières-de-Joux
24%
DoubsVillers-le-Lac
24%
Haute-SavoieViry
24%
Haut-RhinBuschwiller
22%
Territoire de BelfortCourcelles
22%
Haut-RhinCourtavon
22%
DoubsGoumois
22%
Haute-SavoieJuvigny
22%
Haut-RhinKiffis
22%
DoubsMontlebon
22%
Haute-SavoieMontriond
22%
Haut-RhinNeuwiller
22%
AinOrnex
22%
Haut-RhinPfetterhouse
22%
JuraPrémanon
22%
AinVersonnex
22%
Haut-RhinBiederthal
19%
Haute-SavoieBossey
19%
DoubsChaux-Neuve
19%
DoubsGrand'Combe-Châteleu
19%
AinGrilly
19%
DoubsLes Hôpitaux-Vieux
19%
Haut-RhinLevoncourt
19%
Haut-RhinLiebenswiller
19%
DoubsLongevilles-Mont-d'Or
19%
AinPéron
19%
AinPougny
19%
Territoire de BelfortRéchésy
19%
DoubsSarrageois
19%
AinSauverny
19%
Haute-SavoieVulbens
19%
Haut-RhinWolschwiller
19%
DoubsAbbévillers
16%
DoubsBurnevillers
16%
AinChallex
16%
DoubsCharmauvillers
16%
DoubsCharquemont
16%
Territoire de BelfortCroix
16%
DoubsDannemarie
16%
DoubsFessevillers
16%
Territoire de BelfortFlorimont
16%
DoubsFournet-Blancheroche
16%
DoubsGlay
16%
DoubsGlère
16%
DoubsGrand'Combe-des-Bois
16%
DoubsHauterive-la-Fresse
16%
DoubsIndevillers
16%
Territoire de BelfortLebetain
16%
DoubsLes Alliés
16%
DoubsLes Fourgs
16%
DoubsLes Gras
16%
DoubsLes Villedieu
16%
DoubsMontancy
16%
DoubsMontjoie-le-Château
16%
Haut-RhinOltingue
16%
DoubsRochejean
16%
Territoire de BelfortSaint-Dizier-l'Évêque
16%
DoubsVaufrey
16%
DoubsVillars-lès-Blamont
16%
Territoire de BelfortVillars-le-Sec
16%
DoubsVille-du-Pont
16%
DoubsBonnétage
14%
Haut-RhinOberlarg
14%

Distribution des résultats

Percentile par nombre de réponses

% des personnes avec chaque résultat

Votre développement - résultats

Vous n’avez pas pris ce quiz